| 000 | 00432nam a2200133 a 4500 | ||
|---|---|---|---|
| 008 | 120416s0000 ||||||||||||||||| || u | ||
| 020 | _a0747511187 | ||
| 050 | _aPR 6056.R42S8 | ||
| 100 | _aFreely, Maureen | ||
| 245 | 1 | 4 | _aThe stork club |
| 260 |
_aLondon _bBloomsbury _c1992 |
||
| 350 | _a0.00 | ||
| 995 |
_D0.00 _FCBU-MAIN LIBRARY (Kitwe) _H1 _I14.99 _M1 _UAVAILABLE _ZFiction Collection |
||
| 999 |
_c58461 _d58461 |
||